000 00953nam a2200217Ia 4500
999 _c34592
_d34592
001 353
003 GE_BSU
005 20200129160034.0
008 181216s1999||||ge |||||||||||||| ||geo||
040 _cGE_BSU
041 _ageo
080 _a616.8-053.1+159.922.7 მ-57
100 _aმერაბიშვილი, გივი
_96460
245 _aბავშვთა ფსიქოპროფილაქტიკა /
_c გივი მერაბიშვილი; [რედ.: შ. ნადირაშვილი].
264 _aთბილისი :
_bცოდნა,
_c1999.
300 _a56 გვ.;
_b19 სმ.
653 _aბავშვთა ფსიქიური დაავადებების პროფილაქტიკა
653 _aბავშვთა ფსიქოლოგია
700 _aნადირაშვილი, შ.
_eრედაქტორი
_92767
942 _cBK
_2udc